LEADER 01065nam a2200253 i 4500 001 000000201921 003 CaOOAMICUS 005 20160607000000.0 008 160607s1991 it u000 u fre u 013 $a180627 020 $a2711824764 040 $aSeMil$bita 100 1 $aCaubet, Annie.$0(OLS)http://semarc/name/72979 245 13$aLe Louvre :$bles antiquités orientales et islamiques /$cAnnie Caubet et Marthe Bernus-Taylor. 260 $aParis :$bScala,$c1991. 300 $a95 p. :$bill. ;$c28 cm. 650 4$aParigi - Musee du Louvre - Cataloghi.$0(OLS)http://semarc/subject/19689 700 1 $aBernus-Taylor, Marthe.$0(OLS)http://semarc/name/72980 850 $aSeMil 852 $aSeMil$W1$xVenegono$y1$m5V XVI 47$j152447$B152447$CSeMilBibl$Z2$F211844 $81 961 $aOmaggio: Istituto San Vincenzo 996 $6020$a2711824764$9(OLS)http://semarc/number/194725 996 $6245$aLe Louvre :$bles antiquités orientales et islamiques$9(OLS)http://semarc/title/292284 996 $6260$aParis :$bScala$9(OLS)http://semarc/publisher/39939 LEADER 01090nam a2200241 i 4500 001 000000104164 003 CaOOAMICUS 005 20020218000000.0 008 020218s1966 it u000 u ita u 013 $a76351 040 $aSeMil$bita 100 1 $aBinni, Walter,$d<1913-1997>.$0(OLS)http://semarc/name/760 245 10$aFoscolo e la critica :$bstoria e antologia della critica /$cdi Walter Binni. 250 $a3. ed. ampliata ed aggiornata. 260 $aLuogo non identificato :$bLa Nuova Italia,$c1966. 300 $a264 p., 8 p. di tav. ;$c21 cm. 490 0 $aMaestri e compagni : biblioteca di studi critici e morali ;$v22 600 14$aFoscolo, Ugo <1778-1827>.$0(OLS)http://semarc/subject/5620 830 0$aMaestri e compagni ;$v22.$0(OLS)http://semarc/title/18000 850 $aSeMil 852 $aSeMil$W1$xVenegono$y1$m1C III 106$j60571$B60571$CSeMilBibl$Z2$F70937 $81 996 $6245$aFoscolo e la critica :$bstoria e antologia della critica$9(OLS)http://semarc/title/151077 996 $6260$aLuogo non identificato :$bLa Nuova Italia$9(OLS)http://semarc/publisher/44736